| 000 | 00640nam a2200205Ii 4500 | ||
|---|---|---|---|
| 003 | JO-AjNU | ||
| 008 | 230605s9999||||xx |||||||||||||| ||und|| | ||
| 017 | _a2008/5/1680 | ||
| 040 |
_aJO-AjNU _bara _erda _cJO-AjNU |
||
| 041 | _aara | ||
| 050 | 1 | 4 | _aPJ7840.I2.K35 2008 |
| 100 | 3 |
_aتأليف جداية، عبد الرحيم, _eauthor _947727 |
|
| 245 | 0 | 0 | _aكيف أمسي |
| 264 | 3 | 1 | _aعمان:المؤلف،2008 |
| 300 | _a178ص | ||
| 336 |
_atext _btxt _2rdacontent |
||
| 337 |
_aunmediated _bn _2rdamedia |
||
| 338 |
_avolume _bnc _2rdacarrier |
||
| 650 | 4 |
_aالشعر العربي -العصر الحديث - الأردن _947728 |
|
| 999 |
_aA20855 _c24423 _d24423 |
||